| 000 | 00453cam a2200193ua 4500 | ||
|---|---|---|---|
| 001 | 9965 | ||
| 008 | 160229n II |||gr||||Z||||||hin | ||
| 040 | _aMAIN | ||
| 041 | _aEnglish | ||
| 082 | _a891.43 BIS | ||
| 100 | _aBISMAL , AKSHAR . | ||
| 245 | _aKANGBRAGAH (HINDI) | ||
| 250 | _a1ST. | ||
| 260 |
_a2008: _bRAJSURYA PRAKASHAN., _c2008. |
||
| 300 |
_a96.: _c20CM. |
||
| 653 | _aHindi Books | ||
| 700 |
_aBISMAL , AKSHAR ., _eAuthor. |
||
| 942 | _cBK | ||
| 999 |
_c9936 _d9936 |
||